|
|
|
|
| LEADER |
01103nam a2200265 a 4500 |
| 001 |
14057818 |
| 008 |
091226s2005 dcu b 000 0 eng d |
| 010 |
|
|
|a 2005052338
|
| 020 |
|
|
|a 0821363867 (pbk.)
|
| 020 |
|
|
|a 9780821363867
|
| 040 |
|
|
|a DLC
|c DLC
|d YDX
|d BAKER
|d YUS
|d DLC
|d BD-DhAAL
|
| 082 |
0 |
0 |
|a 332
|2 22
|
| 100 |
1 |
|
|a Bossoutrot, Sylvie K.,
|d 1969-
|
| 245 |
1 |
0 |
|a Microfinance in Russia :
|b broadening access to finance for micro and small entrepreneurs /
|c Sylvie K. Bossoutrot.
|
| 260 |
|
|
|a Washington, DC :
|b World Bank,
|c c2005.
|
| 300 |
|
|
|a xiv, 95 p. ;
|c 26 cm.
|
| 490 |
0 |
|
|a World Bank working paper ;
|v no. 67
|
| 504 |
|
|
|a Includes bibliographical references (p. 95).
|
| 541 |
1 |
|
|e 00014056
|
| 650 |
|
0 |
|a Microfinance
|z Russia (Federation)
|
| 650 |
|
0 |
|a Financial services industry
|z Russia (Federation)
|
| 650 |
|
0 |
|a Small business
|z Russia (Federation)
|x Finance.
|
| 852 |
4 |
|
|a Ayesha Abed Library
|j General Shelf.
|
| 999 |
|
|
|c 6439
|d 6439
|
| 952 |
|
|
|0 0
|1 0
|2 ddc
|4 0
|6 332_BOS_200500000000000
|7 0
|9 6509
|a BRACUL
|b BRACUL
|c GEN
|d 2009-12-27
|g 950.00
|l 0
|o 332 BOS
|p 3010014056
|r 2009-12-27
|t 1
|v 1900.00
|w 2009-12-27
|y BK
|